000 00357nam a2200133Ia 4500
008 240624s9999 xx 000 0 und d
041 _aeng
082 _a658.514 ARM
100 _aARMSTRONG PAUL
245 _aDISRUPTIVE TECHNOLOGIES UNDERSTAND EVALUATE RESPOND
260 _c2017
_aLondon
_bKogan Page
300 _avii, 206 p.; 23 cm.
365 _cBPS
_b33
999 _c32181
_d32181